Aprendizaje mediante el retroproyector
Gardado en:
| Main Authors: | , |
|---|---|
| Formato: | Libro |
| Idioma: | Lingua castelá |
| Publicado: |
Ciudad de México
Trillas
1973
|
| Subjects: | |
| Tags: |
Engadir etiqueta
Sen Etiquetas, Sexa o primeiro en etiquetar este rexistro!
|
MARC
| LEADER | 00000nam a2200000 a 4500 | ||
|---|---|---|---|
| 001 | UCZ7151 | ||
| 003 | CL-VaPUC | ||
| 008 | 951222e19730000MX |||||||||||||||||spa|d | ||
| 082 | 0 | 4 | |a 371.36 |b RIN |2 21 |
| 100 | 0 | |a Ring, Arthur E |e author |9 351924 | |
| 700 | 0 | |a Shelley, William J |e author |9 351925 | |
| 245 | 1 | 0 | |a Aprendizaje mediante el retroproyector |
| 300 | |a 139 p | ||
| 942 | |c BK | ||
| 945 | |d 19951222 00:00:00 |a lriquelm | ||
| 260 | |a Ciudad de México |b Trillas |c 1973 | ||
| 650 | 0 | |a Métodos de enseñanza |9 270413 | |
| 650 | 0 | |a Proyectores |9 343810 | |
| 650 | 7 | |a AYUDAS AUDIOVISUALES |2 CL-VaPUC |9 339896 | |
| 650 | 7 | |a MATERIAL Y EQUIPO DIDACTICOS |2 CL-VaPUC |9 309109 | |
| 650 | 7 | |a EQUIPO |2 CL-VaPUC |9 351926 | |
| 583 | |a last modification |c 19951222 00:00:00 |k Rodrigo Vera | ||
| 999 | |c 243273 |d 243271 | ||
| 952 | |0 0 |1 0 |4 0 |6 371_360000000000000_RIN_1973 |7 0 |8 P |9 256819 |a BIBEDU |b BIBEDU |c BIBEDU_PB |d 2019-11-19 |i 1609939 |o 371.36 RIN 1973 |p 1609939 |r 2024-01-25 |w 2019-11-19 |y BK |k EDU | ||
| 952 | |0 0 |1 0 |4 0 |6 371_360000000000000_RIN_1973 |7 0 |8 P |9 256820 |a BIBEDU |b BIBEDU |c BIBEDU_PB |d 2019-11-19 |i 160998K |o 371.36 RIN 1973 |p 160998K |r 2024-01-25 |w 2019-11-19 |y BK |k EDU | ||